000 nam a22 7a 4500
999 _c9833
_d9833
008 180208b ||||| |||| 00| 0 eng d
100 _aStowe, H B
_95920
245 _aUncle Tom,s Cabin
260 _aLondon
_bWordsworth Publication
_c2002